[Event "Schleswig Holstein-ch U16 VM"]
[Site "Neumuenster"]
[Date "2008.03.29"]
[Round "8"]
[White "Reich, Jan"]
[Black "Manning, Merlin"]
[Result "1-0"]
[WhiteElo "855"]
[BlackElo "808"]
[PlyCount "31"]
[EventDate "2008.03.24"]
[EventType "swiss"]
[EventRounds "9"]
[EventCountry "GER"]
[SourceTitle "EXT 2009"]
[Source "ChessBase"]
[SourceDate "2008.11.26"]
[SourceVersion "1"]
[SourceVersionDate "2008.11.26"]
[SourceQuality "1"]

1. e4 d6 2. Nc3 Nf6 3. Nf3 g6 4. g3 Bg7 5. Bg2 0-0 6. d3 Nc6 7. Be3 Ne8 8. Qd2 f5 9. Bh6 fxe4 10. dxe4 Bg4 11. Nh4 Ne5 12. Bxg7 Kxg7 13. f4 Nc4 14. Qd4+ e5 15. Qxc4 exf4 16. 0-0 1-0

[Event "Schleswig Holstein-ch U16 VM"]
[Site "Neumuenster"]
[Date "2008.03.28"]
[Round "7"]
[White "Winzek, Florian"]
[Black "Reich, Jan"]
[Result "1/2-1/2"]
[WhiteElo "1032"]
[BlackElo "855"]
[PlyCount "61"]
[EventDate "2008.03.24"]
[EventType "swiss"]
[EventRounds "9"]
[EventCountry "GER"]
[SourceTitle "EXT 2009"]
[Source "ChessBase"]
[SourceDate "2008.11.26"]
[SourceVersion "1"]
[SourceVersionDate "2008.11.26"]
[SourceQuality "1"]

1. d4 d5 2. Nf3 Nc6 3. Bf4 Bf5 4. e3 a6 5. Bd3 Bxd3 6. Qxd3 e6 7. Nbd2 Nb4 8. Qb3 Nf6 9. c3 Nd3+ 10. Ke2 Nxf4+ 11. exf4 b6 12. Rhe1 Be7 13. Kf1 0-0 14. Kg1 Bd6 15. Ne5 Bxe5 16. fxe5 Nd7 17. Rec1 b5 18. a4 c6 19. axb5 cxb5 20. Ra3 f6 21. exf6 Qxf6 22. f3 Qf4 23. Qd1 e5 24. Nb3 e4 25. Qd2 e3 26. Qe2 h6 27. Re1 Nb6 28. Na5 Rae8 29. b3 b4 30. cxb4 Qxd4 31. Nc6 1/2-1/2

[Event "Schleswig Holstein-ch U16 VM"]
[Site "Neumuenster"]
[Date "2008.03.27"]
[Round "6"]
[White "Reich, Jan"]
[Black "Weber, Birke"]
[Result "1-0"]
[WhiteElo "855"]
[BlackElo "999"]
[PlyCount "83"]
[EventDate "2008.03.24"]
[EventType "swiss"]
[EventRounds "9"]
[EventCountry "GER"]
[SourceTitle "EXT 2009"]
[Source "ChessBase"]
[SourceDate "2008.11.26"]
[SourceVersion "1"]
[SourceVersionDate "2008.11.26"]
[SourceQuality "1"]

1. e4 c5 2. Nc3 e6 3. g3 d6 4. Bg2 Nf6 5. f4 e5 6. d3 Nc6 7. Be3 a6 8. a4 Be7 9. Nf3 0-0 10. Bf2 Rb8 11. 0-0 b5 12. axb5 axb5 13. Nd5 Nxd5 14. exd5 Nb4 15. c4 bxc4 16. dxc4 exf4 17. gxf4 Bf6 18. Qd2 Re8 19. Rfe1 Rxe1+ 20. Bxe1 Na6 21. Ra2 Rb6 22. Qe2 Nb4 23. Bxb4 Rxb4 24. Qc2 Qb6 25. Qe2 Bd7 26. Ra8+ Bd8 27. Qd3 Ra4 28. Ng5 Rxa8 29. Qxh7+ Kf8 30. Qh8+ Ke7 31. Qxg7 Bc7 32. Qxf7+ Kd8 33. Qf8+ Be8 34. Ne6+ Kd7 35. Bh3 Ra1+ 36. Kg2 Qxb2+ 37. Kg3 Ra3+ 38. Kh4 Qf2+ 39. Kg4 Qf3+ 40. Kg5 Qh5+ 41. Kf6 Rxh3 42. Qe7+ 1-0